| 000 | 00855nam a2200265 i 4500 | ||
|---|---|---|---|
| 003 | DO-SdBNP | ||
| 005 | 20230516105321.0 | ||
| 007 | ta | ||
| 008 | 230516b2022 dr ||||| |||| 00| 0 spa d | ||
| 020 | _a9789945922561 | ||
| 040 |
_aDO-SdBNP _bspa _cBNPHU _erda |
||
| 082 | 4 | _222 | |
| 245 | 0 | 0 |
_a50 escritores dominicanos de hoy : _bantología / _ceditor, René Peguero Rodríguez ; prólogo Marlon Soto |
| 246 | _aCincuenta escritores dominicanos de hoy | ||
| 264 |
_aSanto Domingo : _bEdiciones 4 ojos, _c2022. |
||
| 300 |
_a275 páginas _c22 cm. |
||
| 336 |
_2rdacontent _atexto _btxt |
||
| 337 |
_2rdamedia _asin mediación _bn |
||
| 338 |
_2rdacarrier _avolumen _bnc |
||
| 590 | _aInventariado, 2023/BT | ||
| 700 |
_aPeguero Rodríguez, René, _eeditor _983387 |
||
| 700 |
_aSoto, Marlon, _eprólogo _983388 |
||
| 910 | _aBtavárez | ||
| 942 |
_2ddc _cLBS1 |
||
| 999 |
_c53531 _d53531 |
||